[Event "Dulles Cherry Blossom op 10th"]
[Site "Dulles"]
[Date "2023.05.29"]
[Round "9"]
[White "Kanli, Alperen"]
[Black "Adu, Oladapo"]
[Result "1/2-1/2"]
[WhiteElo "2111"]
[BlackElo "2081"]
[PlyCount "27"]
[EventDate "2023.05.24"]
[EventType "swiss"]
[EventRounds "9"]
[EventCountry "USA"]
[SourceTitle "CBM 214 Extra"]
[Source "ChessBase"]
[SourceDate "2023.07.31"]
[SourceVersion "1"]
[SourceVersionDate "2023.07.31"]
[SourceQuality "1"]

1. d4 d5 2. c4 e6 3. Nc3 a6 4. cxd5 exd5 5. Bf4 Nf6 6. e3 c5 7. Nf3 Nc6 8. Be2 c4 9. Ne5 Bd6 10. Bg3 0-0 11. f4 Bb4 12. Bh4 Qa5 13. Bxf6 gxf6 14. Nxc6 1/2-1/2

[Event "Charlotte CCCSA Summer IM-B"]
[Site "Charlotte"]
[Date "2022.07.29"]
[Round "9"]
[White "Adu, Oladapo"]
[Black "Zaloznyy, Mike"]
[Result "0-1"]
[WhiteElo "2056"]
[BlackElo "2171"]
[PlyCount "122"]
[EventDate "2022.07.24"]
[EventType "tourn"]
[EventRounds "9"]
[EventCountry "USA"]
[SourceTitle "CBM 209 Extra"]
[Source "ChessBase"]
[SourceDate "2022.09.30"]
[SourceVersion "1"]
[SourceVersionDate "2022.09.30"]
[SourceQuality "1"]

1. Nf3 Nf6 2. g3 b6 3. Bg2 Bb7 4. 0-0 e6 5. d3 d5 6. Nbd2 c5 7. e4 Nc6 8. exd5 exd5 9. Re1+ Be7 10. Nh4 Qd7 11. Nb3 0-0 12. c3 a5 13. a4 Rfe8 14. Nf3 d4 15. cxd4 cxd4 16. Bg5 h6 17. Bxf6 Bxf6 18. Rxe8+ Rxe8 19. Nbd2 Nb4 20. Nc4 Qe6 21. Ng5 Bxg5 22. Bxb7 Qg6 23. Ra3 f5 24. Bf3 Qe6 25. Ra1 g6 26. Kg2 h5 27. Na3 Rc8 28. h4 Bh6 29. Nb5 Kh7 30. Na3 Re8 31. Nc4 Qf6 32. Qb3 Re7 33. Rf1 Qe6 34. Qd1 Kg7 35. Kg1 Na6 36. Qb3 Nc5 37. Qc2 f4 38. Kg2 Qf5 39. Rd1 fxg3 40. fxg3 g5 41. hxg5 Qxg5 42. Rh1 Ne6 43. Rh4 Rf7 44. Qd1 Kf8 45. Kh2 Rg7 46. Qe1 Qf6 47. Bxh5 Re7 48. Re4 Bg5 49. Kg2 Qh6 50. Bg4 Nc5 51. Rxe7 Bxe7 52. Qe5 Qf6 53. Qe2 Nxa4 54. Ne5 Kg7 55. Bd7 Nxb2 56. Nc6 Ba3 57. Qg4+ Kh6 58. Nxd4 Nxd3 59. Nf5+ Kh7 60. Be6 Qb2+ 61. Kg1 Bc5+ 0-1

[Event "Dulles Colonial op 3rd"]
[Site "Dulles"]
[Date "2022.04.15"]
[Round "4"]
[White "Adu, Oladapo"]
[Black "Tahmassebi, Bijan"]
[Result "1-0"]
[WhiteElo "2138"]
[BlackElo "2059"]
[PlyCount "134"]
[EventDate "2022.04.13"]
[EventType "swiss"]
[EventRounds "9"]
[EventCountry "USA"]
[SourceTitle "CBM 207 Extra"]
[Source "ChessBase"]
[SourceDate "2022.05.31"]
[SourceVersion "1"]
[SourceVersionDate "2022.05.31"]
[SourceQuality "1"]

1. Nf3 Nf6 2. g3 d5 3. Bg2 e6 4. 0-0 Nbd7 5. d3 b6 6. Nbd2 Bb7 7. Re1 g6 8. e4 dxe4 9. Ng5 Rb8 10. Ndxe4 h6 11. Nxf6+ Nxf6 12. Bxb7 Rxb7 13. Qf3 Rb8 14. Ne4 Nxe4 15. Rxe4 Bg7 16. c3 0-0 17. Bf4 Rc8 18. d4 c5 19. dxc5 Rxc5 20. Rd1 Rd5 21. Ree1 Rxd1 22. Rxd1 Qc8 23. Qd3 e5 24. Be3 f5 25. f3 Qc6 26. Qd5+ Qxd5 27. Rxd5 f4 28. gxf4 exf4 29. Bf2 Bf6 30. a4 Rd8 31. Rxd8+ Bxd8 32. a5 bxa5 33. Bxa7 Kf7 34. Kf1 Ke6 35. Ke2 g5 36. h3 h5 37. b3 Kf5 38. c4 g4 39. hxg4+ hxg4 40. fxg4+ Kxg4 41. c5 f3+ 42. Kf1 Kf5 43. Bb6 Be7 44. c6 Ke6 45. Bxa5 Bc5 46. b4 Be3 47. b5 Kd6 48. Be1 Bf4 49. Bf2 Kc7 50. Ke1 Bd6 51. Kd1 Bb4 52. Kc2 Ba5 53. Kd3 Kd6 54. Ke4 Bd8 55. Kxf3 Kd5 56. Kf4 Bc7+ 57. Kf5 Kd6 58. Ke4 Ba5 59. Ba7 Bd8 60. Kd4 Ba5 61. Kc4 Bc7 62. Bc5+ Ke6 63. b6 Be5 64. Kb5 Kd5 65. Be7 Ke6 66. Bd8 Bd6 67. Bc7 Kd5 1-0

[Event "Dulles Colonial op 3rd"]
[Site "Dulles"]
[Date "2022.04.14"]
[Round "2"]
[White "Adu, Oladapo"]
[Black "Jay, Neel"]
[Result "1-0"]
[WhiteElo "2138"]
[BlackElo "1854"]
[PlyCount "67"]
[EventDate "2022.04.13"]
[EventType "swiss"]
[EventRounds "9"]
[EventCountry "USA"]
[SourceTitle "CBM 207 Extra"]
[Source "ChessBase"]
[SourceDate "2022.05.31"]
[SourceVersion "1"]
[SourceVersionDate "2022.05.31"]
[SourceQuality "1"]

1. e4 c5 2. Nf3 e6 3. d3 g6 4. g3 Bg7 5. Bg2 Nc6 6. 0-0 Nge7 7. Re1 d6 8. c3 e5 9. a3 0-0 10. b4 h6 11. Bb2 a6 12. Nbd2 b5 13. Nb3 Be6 14. bxc5 Bxb3 15. Qxb3 dxc5 16. Red1 Qb6 17. Bc1 c4 18. Qa2 cxd3 19. Be3 Qc7 20. Rxd3 Rfd8 21. Rad1 Na5 22. Rxd8+ Rxd8 23. Rxd8+ Qxd8 24. Bf1 Qc7 25. a4 Qxc3 26. axb5 axb5 27. Bxb5 Qb4 28. Be8 Nc4 29. Bxf7+ Kxf7 30. Nd2 Nc6 31. Nxc4 Ke7 32. Bd2 Qc5 33. Ne3 Nd4 34. Bb4 1-0

[Event "Dulles Colonial op 3rd"]
[Site "Dulles"]
[Date "2022.04.14"]
[Round "3"]
[White "Kunka, Harshid"]
[Black "Adu, Oladapo"]
[Result "1-0"]
[WhiteElo "2078"]
[BlackElo "2138"]
[PlyCount "107"]
[EventDate "2022.04.13"]
[EventType "swiss"]
[EventRounds "9"]
[EventCountry "USA"]
[SourceTitle "CBM 207 Extra"]
[Source "ChessBase"]
[SourceDate "2022.05.31"]
[SourceVersion "1"]
[SourceVersionDate "2022.05.31"]
[SourceQuality "1"]

1. e4 c5 2. Nf3 d6 3. d4 cxd4 4. Nxd4 Nf6 5. Nc3 a6 6. Bg5 e6 7. f4 Be7 8. Qf3 Qc7 9. 0-0-0 Nbd7 10. Bd3 b5 11. Rhe1 Bb7 12. Qg3 b4 13. Nd5 exd5 14. e5 dxe5 15. fxe5 Ne4 16. Bxe4 dxe4 17. Bxe7 Qxe5 18. Qxe5 Nxe5 19. Nf5 g6 20. Bf6 gxf5 21. Bxh8 Nd7 22. Bd4 Ke7 23. Rf1 Ke6 24. Rf2 Rg8 25. Rdf1 e3 26. Bxe3 Be4 27. g3 h5 28. Rd1 Nf6 29. Bd4 Nd5 30. c4 bxc3 31. bxc3 h4 32. gxh4 Rg4 33. Rb2 Nf4 34. Rb6+ Kd5 35. Kb2 Nd3+ 36. Ka3 Rxh4 37. Rxa6 Rxh2 38. Ra5+ Kc4 39. Ra4+ Kd5 40. Rb1 f4 41. Rb5+ Kc6 42. c4 Rc2 43. Ra6+ Kc7 44. Ra7+ Kc8 45. Rh5 Bb7 46. Kb3 Re2 47. Kc3 Nc1 48. Be5 Nxa2+ 49. Kd4 Rd2+ 50. Kc5 f3 51. Rh8+ Kd7 52. Rxb7+ Ke6 53. Re8+ Kf5 54. Rxf7+ 1-0

[Event "Charlotte CCCSA Spring IM-C"]
[Site "Charlotte"]
[Date "2022.03.16"]
[Round "1"]
[White "Martin Del Campo C, Roberto Abel"]
[Black "Adu, Oladapo"]
[Result "1/2-1/2"]
[WhiteElo "2257"]
[BlackElo "2136"]
[PlyCount "65"]
[EventDate "2022.03.16"]
[EventType "tourn"]
[EventRounds "9"]
[EventCountry "USA"]
[EventCategory "1"]
[SourceTitle "CBM 207 Extra"]
[Source "ChessBase"]
[SourceDate "2022.05.31"]
[SourceVersion "1"]
[SourceVersionDate "2022.05.31"]
[SourceQuality "1"]

1. e4 c5 2. Nf3 e6 3. Nc3 a6 4. d4 cxd4 5. Nxd4 Qc7 6. Bd3 Nc6 7. Be3 Nf6 8. 0-0 Be7 9. Kh1 d6 10. f4 Bd7 11. Qf3 Nxd4 12. Bxd4 Bc6 13. Rae1 0-0 14. Qh3 e5 15. fxe5 dxe5 16. Nd5 Bxd5 17. Bxe5 Qxe5 18. exd5 Qc7 19. Rxf6 g6 20. Rf3 Bc5 21. Qh6 Rae8 22. Ref1 Qe5 23. Rh3 Qg7 24. Qxg7+ Kxg7 25. Rhf3 f5 26. g3 Re5 27. c4 a5 28. Kg2 b6 29. Rd1 Rfe8 30. Bf1 Re1 31. Rfd3 Bd6 32. Kf2 Bc5+ 33. Kg2 1/2-1/2

[Event "Charlotte CCCSA Labor Day IM-C"]
[Site "Charlotte"]
[Date "2021.09.04"]
[Round "4"]
[White "Adu, Oladapo"]
[Black "Martin Del Campo C, Roberto Abel"]
[Result "0-1"]
[WhiteElo "2204"]
[BlackElo "2285"]
[PlyCount "74"]
[EventDate "2021.09.02"]
[EventType "tourn"]
[EventRounds "9"]
[EventCountry "USA"]
[EventCategory "1"]
[SourceTitle "CBM 204 Extra"]
[Source "ChessBase"]
[SourceDate "2021.11.30"]
[SourceVersion "1"]
[SourceVersionDate "2021.11.30"]
[SourceQuality "1"]

1. g3 g6 2. Bg2 Bg7 3. Nf3 Nf6 4. 0-0 0-0 5. d3 d6 6. e4 c5 7. Nbd2 Nc6 8. a4 Rb8 9. Nc4 e5 10. Bg5 h6 11. Bxf6 Bxf6 12. Nfd2 Be6 13. c3 Bg7 14. f4 exf4 15. gxf4 d5 16. Ne3 d4 17. Nd5 Bxd5 18. exd5 Ne7 19. c4 Nf5 20. Qf3 Ne3 21. Rf2 Qb6 22. Ra2 Rfe8 23. f5 Nxf5 24. Ne4 Re5 25. Bh3 Rbe8 26. a5 Qb4 27. Ra1 b5 28. axb6 axb6 29. Kh1 b5 30. Rc1 Rxe4 31. dxe4 Nd6 32. Bd7 Rxe4 33. Bxb5 Be5 34. Rcf1 Kg7 35. Qxf7+ Nxf7 36. Rxf7+ Kh8 37. Rf8+ Kh7 0-1

[Event "Charlotte CCCSA Labor Day IM-C"]
[Site "Charlotte"]
[Date "2021.09.03"]
[Round "3"]
[White "Putnam, Liam H"]
[Black "Adu, Oladapo"]
[Result "1/2-1/2"]
[WhiteElo "2331"]
[BlackElo "2204"]
[PlyCount "73"]
[EventDate "2021.09.02"]
[EventType "tourn"]
[EventRounds "9"]
[EventCountry "USA"]
[EventCategory "1"]
[SourceTitle "CBM 204 Extra"]
[Source "ChessBase"]
[SourceDate "2021.11.30"]
[SourceVersion "1"]
[SourceVersionDate "2021.11.30"]
[SourceQuality "1"]

1. d4 d5 2. c4 c6 3. Nf3 Nf6 4. Nc3 a6 5. e3 Bf5 6. Ne5 Bc8 7. c5 Nbd7 8. f4 g6 9. Bd3 Bg7 10. 0-0 0-0 11. b4 Nxe5 12. fxe5 Ne8 13. Bb2 f6 14. e4 Be6 15. exf6 Nxf6 16. e5 Ng4 17. Qe2 Qd7 18. Na4 Rxf1+ 19. Rxf1 Rf8 20. Rxf8+ Bxf8 21. h3 Nh6 22. Nb6 Qe8 23. Bc1 Bg7 24. a4 Nf5 25. Qf2 Nh6 26. g4 Nf7 27. b5 axb5 28. axb5 Qb8 29. Qb2 Qa7 30. bxc6 bxc6 31. Qa3 Qxa3 32. Bxa3 Bh6 33. Bb2 Bd2 34. Kg2 Kf8 35. Bc2 Ke8 36. Ba4 Nd8 37. Kf3 1/2-1/2

[Event "World op 49th"]
[Site "Philadelphia"]
[Date "2021.07.05"]
[Round "9"]
[White "Yip, Carissa"]
[Black "Adu, Oladapo"]
[Result "1-0"]
[WhiteElo "2430"]
[BlackElo "2220"]
[PlyCount "65"]
[EventDate "2021.07.01"]
[EventType "swiss"]
[EventRounds "9"]
[EventCountry "USA"]
[SourceTitle "EXT 2022"]
[Source "ChessBase"]
[SourceDate "2021.10.06"]
[SourceVersion "1"]
[SourceVersionDate "2021.10.06"]
[SourceQuality "1"]

1. e4 d6 2. d4 g6 3. Nc3 Bg7 4. Be3 a6 5. Qd2 Nc6 6. h4 h5 7. 0-0-0 b5 8. f3 Bd7 9. Nh3 e5 10. d5 Nce7 11. Ng5 Nf6 12. Be2 Rc8 13. a3 Ra8 14. Kb1 Qb8 15. Na2 a5 16. Rhf1 0-0 17. c3 Qb7 18. g4 hxg4 19. fxg4 Nxg4 20. h5 gxh5 21. Rh1 f6 22. Rxh5 fxg5 23. Rxg5 Nf6 24. Rdg1 Rf7 25. Bf3 Nxe4 26. Bxe4 Bf5 27. Bxf5 Nxf5 28. Qg2 Qc8 29. Bd2 Qd7 30. Qh3 Re8 31. Rh1 Kf8 32. Rf1 Kg8 33. Rfxf5 1-0

[Event "Online Olym Div4 C"]
[Site "Chess.com INT"]
[Date "2020.08.02"]
[Round "8.3"]
[White "Eid, Fadi"]
[Black "Adu, Oladapo"]
[Result "1-0"]
[WhiteElo "2323"]
[BlackElo "2221"]
[PlyCount "109"]
[EventDate "2020.07.31"]
[EventType "team-tourn (rapid)"]
[EventRounds "9"]
[EventCountry "USA"]
[SourceTitle "CBM 198"]
[Source "ChessBase"]
[SourceDate "2020.10.31"]
[SourceVersion "1"]
[SourceVersionDate "2020.10.31"]
[SourceQuality "1"]
[WhiteTeam "Lebanon"]
[BlackTeam "Nigeria"]
[WhiteTeamCountry "LBN"]
[BlackTeamCountry "NGR"]

1. e4 d6 2. d4 g6 3. Nc3 Bg7 4. Be3 a6 5. a4 b6 6. Bc4 Bb7 7. f3 Nf6 8. Bb3 0-0 9. Nge2 c5 10. Qd2 cxd4 11. Nxd4 Nc6 12. Nxc6 Bxc6 13. 0-0 Qc7 14. Rfd1 Rfc8 15. Bd4 Rab8 16. Qe2 Qb7 17. e5 dxe5 18. Bxe5 Ra8 19. Rd2 Rd8 20. Rad1 Rxd2 21. Rxd2 Re8 22. Bc4 Ra8 23. Qd1 Qc8 24. Bb3 b5 25. Qe2 b4 26. Nd1 Ne4 27. fxe4 Bxe5 28. Bd5 e6 29. Bxc6 Qxc6 30. b3 Rc8 31. g3 Kg7 32. Nf2 h5 33. Qd3 a5 34. Kg2 Qc5 35. Qf3 Bc3 36. Rd7 Rf8 37. Nd3 Qc6 38. Ra7 Bd4 39. Rxa5 Qxc2+ 40. Kh3 Qxb3 41. e5 Qc4 42. Rb5 b3 43. Qf6+ Kg8 44. Nf4 Be3 45. Kh4 Qxa4 46. Kg5 Kh7 47. Rb7 Qe8 48. Qxg6+ Kh8 49. Qh6+ Kg8 50. Kf6 Qd8+ 51. Re7 Qxe7+ 52. Kxe7 Bb6 53. Nxh5 Bd8+ 54. Kd7 f5 55. Qg7# 1-0

[Event "Online Olym Div4 C"]
[Site "Chess.com INT"]
[Date "2020.08.01"]
[Round "6.2"]
[White "Al Ansi, Amin Hassan"]
[Black "Adu, Oladapo"]
[Result "0-1"]
[WhiteElo "1816"]
[BlackElo "2221"]
[PlyCount "94"]
[EventDate "2020.07.31"]
[EventType "team-tourn (rapid)"]
[EventRounds "9"]
[EventCountry "USA"]
[SourceTitle "CBM 198"]
[Source "ChessBase"]
[SourceDate "2020.10.31"]
[SourceVersion "1"]
[SourceVersionDate "2020.10.31"]
[SourceQuality "1"]
[WhiteTeam "Oman"]
[BlackTeam "Nigeria"]
[WhiteTeamCountry "OMN"]
[BlackTeamCountry "NGR"]

1. e4 d6 2. d4 g6 3. Nf3 Bg7 4. c4 c6 5. Bd3 Bg4 6. Be3 Qb6 7. Be2 Qxb2 8. Nbd2 Qb6 9. Rb1 Qc7 10. Qb3 b6 11. 0-0 Nd7 12. h3 Bxf3 13. Nxf3 c5 14. d5 Ngf6 15. Qc2 0-0 16. Nh2 Rfe8 17. f4 e6 18. Bc1 exd5 19. exd5 Ne4 20. Bb2 Bd4+ 21. Bxd4 cxd4 22. Bd3 Ndc5 23. f5 Rac8 24. fxg6 hxg6 25. Rbc1 Qe7 26. Rce1 f5 27. Nf3 Qf6 28. Nd2 Ng3 29. Rxe8+ Rxe8 30. Rd1 Qg5 31. Nf1 Nh5 32. Qf2 Nf4 33. Qf3 Ncxd3 34. Rxd3 Nxd3 35. Qxd3 Qf4 36. Qd1 Qe4 37. Qd2 d3 38. Qg5 Kf7 39. Qh6 Qd4+ 40. Kh2 Rh8 41. Qd2 Qxc4 42. Qb2 Qf4+ 43. Kg1 Re8 44. Qc3 Re2 45. Qc7+ Kg8 46. Qd8+ Kh7 47. Qc7+ Kh6 0-1

[Event "Online Olym Div4 C"]
[Site "Chess.com INT"]
[Date "2020.08.01"]
[Round "4.1"]
[White "Zebaze, Dongmo Loic Dylane"]
[Black "Adu, Oladapo"]
[Result "0-1"]
[WhiteElo "1810"]
[BlackElo "2221"]
[PlyCount "112"]
[EventDate "2020.07.31"]
[EventType "team-tourn (rapid)"]
[EventRounds "9"]
[EventCountry "USA"]
[SourceTitle "CBM 198"]
[Source "ChessBase"]
[SourceDate "2020.10.31"]
[SourceVersion "1"]
[SourceVersionDate "2020.10.31"]
[SourceQuality "1"]
[WhiteTeam "Cameroon"]
[BlackTeam "Nigeria"]
[WhiteTeamCountry "CAM"]
[BlackTeamCountry "NGR"]

1. d4 d6 2. Nf3 g6 3. e3 Bg7 4. Bd3 Nf6 5. Nc3 0-0 6. 0-0 b6 7. Ne4 Nbd7 8. a4 a6 9. Bd2 Bb7 10. Nxf6+ Nxf6 11. Re1 Ne4 12. Bc3 c5 13. Qe2 Qc7 14. Bxe4 Bxe4 15. Nd2 Bxc2 16. Rec1 Bf5 17. dxc5 bxc5 18. b4 Rfc8 19. bxc5 Qxc5 20. Bxg7 Qxc1+ 21. Rxc1 Rxc1+ 22. Nf1 Rb8 23. Bh6 Rbb1 24. Qxa6 Bc8 25. Qe2 Be6 26. h3 Bc4 27. Qg4 Rxf1+ 28. Kh2 Be6 29. Qd4 f6 30. Qe4 Kf7 31. Qa8 Bf5 32. e4 Bxh3 33. Kxh3 Rh1+ 34. Kg3 Rxh6 35. Qd5+ Kg7 36. Qe6 Rb7 37. Qd5 Rc7 38. Qa5 Rc5 39. Qa7 Kf7 40. a5 Rh1 41. a6 Ra1 42. Qb8 Rca5 43. Qh8 R5a3+ 44. f3 Ra5 45. Qxh7+ Ke6 46. Qg8+ Kd7 47. Qxg6 Rg5+ 48. Qxg5 fxg5 49. Kg4 Ra5 50. a7 Rxa7 51. Kxg5 e5 52. g4 Ke6 53. Kh6 Rf7 54. g5 Rxf3 55. g6 Kf6 56. g7 Rh3# 0-1

[Event "Freetown zt 4.2"]
[Site "Freetown"]
[Date "2020.03.16"]
[Round "2"]
[White "Adu, Oladapo"]
[Black "Oyama, Ekok Oyama"]
[Result "1-0"]
[WhiteElo "2216"]
[BlackElo "1848"]
[PlyCount "133"]
[EventDate "2020.03.15"]
[EventType "swiss"]
[EventRounds "9"]
[EventCountry "SIE"]
[SourceTitle "CBM 195 Extra"]
[Source "ChessBase"]
[SourceDate "2020.05.31"]
[SourceVersion "1"]
[SourceVersionDate "2020.05.31"]
[SourceQuality "1"]

1. e4 c5 2. Nf3 d6 3. d4 cxd4 4. Qxd4 e5 5. Qd2 Nf6 6. Nc3 a6 7. Bc4 h6 8. a4 Be7 9. 0-0 0-0 10. h3 Nc6 11. Rd1 Re8 12. b3 Bf8 13. Ba3 Be6 14. Bxe6 Rxe6 15. Qe2 Rc8 16. Nd5 Qa5 17. c4 Qd8 18. Rd3 Ne8 19. Rad1 Qa5 20. Bc1 Ne7 21. Bd2 Qd8 22. Ne3 Ng6 23. g3 Ne7 24. Bb4 Nc6 25. Bc3 Qb6 26. Be1 Nb4 27. Bxb4 Qxb4 28. Nd5 Qa5 29. Ne1 Nf6 30. Nc2 Nxd5 31. Rxd5 Qb6 32. Qd3 Ree8 33. Ne3 g6 34. Qb1 Kg7 35. R1d3 Qb4 36. Qd1 Qb6 37. Kg2 Qc7 38. Qd2 Be7 39. Qe2 Bf8 40. Qf3 Qb6 41. Ng4 Re6 42. Ne3 h5 43. Qd1 Rf6 44. Qa1 Kh7 45. a5 Qc7 46. f4 Bg7 47. f5 Bf8 48. g4 Bh6 49. Qd1 Bxe3 50. Rxe3 gxf5 51. exf5 hxg4 52. hxg4 Rg8 53. Rh3+ Kg7 54. Qh1 b5 55. axb6 Qxb6 56. Qd1 Kf8 57. Qf3 Qb4 58. Rg3 Rh6 59. g5 Rh4 60. Rd1 Rgh8 61. f6 Rh2+ 62. Kf1 Rh1+ 63. Ke2 R8h2+ 64. Rg2 Kg8 65. Qa8+ Kh7 66. g6+ fxg6 67. Qa7+ 1-0

[Event "Africa-ch Blitz"]
[Site "Casablanca"]
[Date "2019.08.28"]
[Round "6.7"]
[White "Adu, Oladapo"]
[Black "Aithmidou, Mohamed Mehdi"]
[Result "0-1"]
[WhiteElo "2331"]
[BlackElo "2276"]
[PlyCount "96"]
[EventDate "2019.08.28"]
[EventType "swiss (blitz)"]
[EventRounds "9"]
[EventCountry "MAR"]
[SourceTitle "EXT 2024"]
[Source "ChessBase"]
[SourceDate "2023.10.10"]
[SourceVersion "1"]
[SourceVersionDate "2023.10.10"]
[SourceQuality "1"]

1. e4 c5 2. Nf3 g6 3. d3 Bg7 4. g3 Nc6 5. Bg2 d6 6. 0-0 Bg4 7. h3 Bd7 8. c3 e5 9. Nbd2 Nge7 10. Nc4 Nc8 11. a4 0-0 12. Bg5 f6 13. Be3 Kh8 14. d4 cxd4 15. cxd4 Na5 16. Nfd2 Nxc4 17. Nxc4 b5 18. axb5 Bxb5 19. b3 Nb6 20. Qd3 Qc7 21. Rfc1 Rac8 22. Bf1 Qb8 23. d5 f5 24. f3 fxe4 25. fxe4 Rf3 26. Kg2 Rcf8 27. Be2 R3f6 28. Rf1 Qc7 29. Rxf6 Rxf6 30. Rc1 Qd8 31. Qd2 Rf7 32. Bg5 Qf8 33. Be3 Nd7 34. h4 Nf6 35. Bf3 Bd7 36. Rf1 a6 37. Qe2 h5 38. Bg5 Ng4 39. Qd2 Kh7 40. Qb4 Nh2 41. Kxh2 Rxf3 42. Rxf3 Qxf3 43. Qd2 Qf1 44. Qg2 Qd1 45. Nxd6 Bg4 46. Nf7 Bf3 47. Qg1 Qe2+ 48. Kh3 Bg4# 0-1

[Event "Africa-ch Blitz"]
[Site "Casablanca"]
[Date "2019.08.28"]
[Round "8.7"]
[White "Adu, Oladapo"]
[Black "Chumfwa, Stanley"]
[Result "1-0"]
[WhiteElo "2331"]
[BlackElo "2193"]
[PlyCount "90"]
[EventDate "2019.08.28"]
[EventType "swiss (blitz)"]
[EventRounds "9"]
[EventCountry "MAR"]
[SourceTitle "EXT 2024"]
[Source "ChessBase"]
[SourceDate "2023.10.10"]
[SourceVersion "1"]
[SourceVersionDate "2023.10.10"]
[SourceQuality "1"]

1. e4 c5 2. Nf3 d6 3. Nc3 Nf6 4. e5 dxe5 5. Nxe5 e6 6. g3 Be7 7. Bg2 0-0 8. 0-0 Nfd7 9. Nc4 Nc6 10. Bxc6 bxc6 11. d3 Nb6 12. Ne5 Qe8 13. b3 f6 14. Nf3 Nd5 15. Bd2 e5 16. Nh4 g5 17. Ng2 Qg6 18. f3 Be6 19. Re1 Rae8 20. Ne3 Bf7 21. Qe2 f5 22. Nc4 Bf6 23. Na4 e4 24. Rad1 Bd4+ 25. Kh1 exf3 26. Qxf3 Nf6 27. Rxe8 Rxe8 28. Ne3 Bxe3 29. c4 Ng4 30. Kg2 Bxd2 31. Rxd2 Ne3+ 32. Kf2 Qd6 33. Re2 Qd4 34. Ke1 f4 35. gxf4 gxf4 36. h4 Kh8 37. Qxc6 Rg8 38. Qxc5 Rg1+ 39. Kf2 Rg2+ 40. Ke1 Qa1+ 41. Kd2 Qxa2+ 42. Kc3 Qa1+ 43. Rb2 Qxb2+ 44. Nxb2 Nd1+ 45. Nxd1 Rf2 1-0

[Event "Africa-ch Blitz"]
[Site "Casablanca"]
[Date "2019.08.28"]
[Round "2.8"]
[White "Adu, Oladapo"]
[Black "Khetho, Phemelo"]
[Result "1-0"]
[WhiteElo "2331"]
[BlackElo "2152"]
[PlyCount "109"]
[EventDate "2019.08.28"]
[EventType "swiss (blitz)"]
[EventRounds "9"]
[EventCountry "MAR"]
[SourceTitle "EXT 2024"]
[Source "ChessBase"]
[SourceDate "2023.10.10"]
[SourceVersion "1"]
[SourceVersionDate "2023.10.10"]
[SourceQuality "1"]

1. e4 e5 2. Nf3 Nf6 3. Nc3 Nc6 4. Bb5 Bb4 5. Qe2 0-0 6. 0-0 Re8 7. Bxc6 bxc6 8. d3 h6 9. Nd1 Bc5 10. Be3 Bxe3 11. Nxe3 d5 12. Nd2 Rb8 13. b3 Qe7 14. Qf3 d4 15. Nf5 Bxf5 16. Qxf5 Qe6 17. Qf3 c5 18. g3 Rb6 19. Nc4 Ra6 20. a4 Nd7 21. Qh5 Nb6 22. Nd2 Qg6 23. Qh3 Qe6 24. Qg2 Rf8 25. f4 Nd7 26. f5 Qf6 27. Nf3 c4 28. dxc4 Nc5 29. Ne1 Qc6 30. Nd3 Nxd3 31. cxd3 Rb6 32. Rab1 Rfb8 33. Qc2 Rb4 34. Rb2 Qb6 35. Rfb1 c5 36. Kg2 a5 37. Kh3 Qf6 38. Qd2 Qb6 39. Rf1 Rxb3 40. Rxb3 Qxb3 41. f6 Qb4 42. Qc1 Rb6 43. fxg7 Kxg7 44. Qd1 Rg6 45. Qf3 f6 46. Qf5 Qb7 47. Qe6 Qf7 48. Qd6 f5 49. Qxe5+ Kh7 50. Rxf5 Qd7 51. Qf4 Rf6 52. g4 Rxf5 53. Qxf5+ Qxf5 54. gxf5 Kg7 55. e5 1-0

[Event "Africa-ch Blitz"]
[Site "Casablanca"]
[Date "2019.08.28"]
[Round "9.7"]
[White "Wanyama, Harold"]
[Black "Adu, Oladapo"]
[Result "1-0"]
[WhiteElo "2237"]
[BlackElo "2331"]
[PlyCount "53"]
[EventDate "2019.08.28"]
[EventType "swiss (blitz)"]
[EventRounds "9"]
[EventCountry "MAR"]
[SourceTitle "EXT 2024"]
[Source "ChessBase"]
[SourceDate "2023.10.10"]
[SourceVersion "1"]
[SourceVersionDate "2023.10.10"]
[SourceQuality "1"]

1. e4 c5 2. Nf3 d6 3. d4 cxd4 4. Nxd4 Nf6 5. Nc3 a6 6. Bg5 e6 7. f4 Qc7 8. Qf3 b5 9. Bxf6 gxf6 10. f5 e5 11. Nd5 Qd8 12. Bxb5+ axb5 13. Nxb5 Be7 14. Nbc7+ Kf8 15. Nxa8 Qa5+ 16. Qc3 Qa6 17. Nab6 Bb7 18. Qc7 Bxd5 19. Nxd5 Nc6 20. 0-0-0 Bd8 21. Qxd6+ Kg7 22. Kb1 Qb5 23. Rd3 Nd4 24. Rg3+ Kh6 25. Nxf6 Qc4 26. Ng8+ Kh5 27. Qh6# 1-0

[Event "African-ch rapid"]
[Site "Casablanca"]
[Date "2019.08.26"]
[Round "2"]
[White "Adu, Oladapo"]
[Black "Adly, Ahmed"]
[Result "0-1"]
[WhiteElo "2273"]
[BlackElo "2636"]
[PlyCount "82"]
[EventDate "2019.08.26"]
[EventType "swiss (rapid)"]
[EventRounds "9"]
[EventCountry "MAR"]
[SourceTitle "EXT 2020"]
[Source "ChessBase"]
[SourceDate "2019.10.17"]
[SourceVersion "1"]
[SourceVersionDate "2019.10.17"]
[SourceQuality "1"]

1. e4 b6 2. Nc3 Bb7 3. d4 e6 4. Nf3 g6 5. Bd3 Bg7 6. Qe2 d6 7. Bg5 Qc8 8. h4 h6 9. Bf4 a6 10. Qd2 Ne7 11. e5 Bxf3 12. gxf3 d5 13. Ne2 c5 14. c3 Nbc6 15. Be3 Nf5 16. Bxf5 gxf5 17. Rg1 Bf8 18. 0-0-0 cxd4 19. Bxd4 b5 20. Kb1 Qd8 21. Qf4 Qc7 22. Qe3 Be7 23. Rh1 Rb8 24. Rc1 a5 25. Nf4 a4 26. Nh5 Na5 27. Ng7+ Kd7 28. Nxf5 exf5 29. e6+ fxe6 30. Bxh8 Rxh8 31. Rhe1 Qc6 32. Qd4 Rg8 33. Rg1 Rxg1 34. Rxg1 Qc5 35. Qe3 Qxe3 36. fxe3 Bxh4 37. Rg6 Bf2 38. e4 dxe4 39. fxe4 fxe4 40. Rxh6 e3 41. Kc2 e2 0-1

[Event "Africa-chT rapid"]
[Site "Casablanca"]
[Date "2019.08.24"]
[Round "5.6"]
[White "Adu, Oladapo"]
[Black "Beukes, Dante M"]
[Result "1-0"]
[WhiteElo "2273"]
[BlackElo "2130"]
[PlyCount "71"]
[EventDate "2019.08.24"]
[EventType "team-swiss (rapid)"]
[EventRounds "9"]
[EventCountry "MAR"]
[SourceTitle "EXT 2020"]
[Source "ChessBase"]
[SourceDate "2019.10.17"]
[SourceVersion "1"]
[SourceVersionDate "2019.10.17"]
[SourceQuality "1"]
[WhiteTeam "Nigeria"]
[BlackTeam "Namibia"]
[WhiteTeamCountry "NGR"]
[BlackTeamCountry "NAM"]

1. e4 c5 2. Nf3 Nc6 3. d3 g6 4. g3 Bg7 5. Bg2 e6 6. 0-0 Nge7 7. Re1 0-0 8. c3 d5 9. e5 d4 10. c4 Qc7 11. Qe2 b6 12. Bf4 Bb7 13. h4 Nb4 14. a3 Nbc6 15. Nbd2 Kh8 16. Nf1 Qd7 17. N1h2 Rae8 18. Ng4 Ng8 19. Qd2 f6 20. b4 fxe5 21. Ngxe5 Nxe5 22. Nxe5 Qc8 23. Bxb7 Qxb7 24. bxc5 bxc5 25. Rab1 Qc8 26. Rb5 Ne7 27. Reb1 Nc6 28. Qe2 Rxf4 29. gxf4 Nxe5 30. fxe5 Qd8 31. Qe4 Rf8 32. Rb7 Bh6 33. Kg2 Kg8 34. Rxa7 Bf4 35. Qb7 Qxh4 36. Qg7# 1-0